000 01112nam a2200289Ia 4500
003 OSt
005 20220923211209.0
006 a|||||r|||| 00| 0
007 ta
008 220922b |||||||| |||| 00| 0 hin d
020 _a9788121407199 (hbk)
_c450
024 _a324,721
037 _b1294, 13/03/2018, Akshar Publishers & Distributors
_cTextual
040 _aARTS
_cARTS
_bhin
041 _2hin
_ahin
082 _aO157,3N09,15, 152Q7
100 _aआशापूर्णा देवी, ले.
_9159475
245 0 _aप्रथम प्रतिश्रुति
246 _aPratham pratishruti
250 _aसंस्करण 5
260 _aनई दिल्ली
_b नेशनल पब्लिशिंग हाउस
_c2017
300 _a456पृ.
_ccm.
650 _a बंगाली साहित्य
_9156264
650 _aबंगाली कहानी
942 _hO157,3N09,15, 152Q7
_cTEXL
_2CC
999 _c296696
_d296696